[Event "North American-ch UNN"]
[Site "Dulles"]
[Date "2024.12.19"]
[Round "3"]
[White "Wilson, Ronen"]
[Black "Manivannan, Prajit"]
[Result "1-0"]
[WhiteElo "2132"]
[BlackElo "1734"]
[PlyCount "121"]
[EventDate "2024.12.18"]
[EventType "swiss"]
[EventRounds "9"]
[EventCountry "USA"]
[SourceTitle "CB02_2025"]
[SourceDate "2025.01.08"]
[SourceVersion "1"]
[SourceVersionDate "2025.01.08"]
[SourceQuality "1"]

1. e4 c5 2. Nf3 Nc6 3. d4 cxd4 4. Nxd4 g6 5. c4 Nf6 6. Nc3 d6 7. Be2 Nxd4 8. Qxd4 Bg7 9. Be3 0-0 10. Qd2 a5 11. 0-0 a4 12. Rac1 Qa5 13. Rfd1 Be6 14. f3 Rfc8 15. Nb5 Qxd2 16. Rxd2 Nd7 17. f4 Nc5 18. Bf3 Ra5 19. Na3 Kf8 20. Kf1 Ke8 21. Ke2 Bd7 22. g3 Bc6 23. Bd4 Bh6 24. Bc3 Ra6 25. e5 dxe5 26. Bxe5 Nd7 27. Bc3 Bxf3+ 28. Kxf3 Rac6 29. Rcd1 Nb6 30. Ba5 e6 31. Bxb6 Rxb6 32. Nb5 Bf8 33. Rd7 Be7 34. b3 f5 35. h3 Rc5 36. g4 fxg4+ 37. hxg4 h5 38. gxh5 Rxh5 39. Rc7 axb3 40. axb3 Rc5 41. Rxc5 Bxc5 42. Rh1 Kf7 43. Rh7+ Kf6 44. Ke4 Bf2 45. Nc7 g5 46. Ne8+ Kg6 47. Rg7+ Kh5 48. Rxg5+ Kh6 49. Nf6 Bh4 50. Ng8+ Kh7 51. Nf6+ Kh6 52. Ng4+ Kh7 53. Rh5+ Kg6 54. Rxh4 Rxb3 55. Rh6+ Kf7 56. Rh7+ Kf8 57. Ke5 Rb6 58. Kf6 Kg8 59. Rg7+ Kf8 60. Rf7+ Kg8 61. Kg6 1-0